Diccionario de especies marinas: inglés-latín-español, español-latín-inglés, latín-inglés-español

Bewaard in:
Bibliografische gegevens
Hoofdauteurs: Blanco Cabrera, Eladio (Auteur), Depestre Catony, Leonardo (Auteur)
Formaat: Boek
Taal:Spaans
Gepubliceerd in: La Habana Científica-Técnica 1985
Onderwerpen:
Tags: Voeg label toe
Geen labels, Wees de eerste die dit record labelt!

MARC

LEADER 00000nam a2200000 a 4500
001 UCV5106
003 CL-VaPUC
008 920610e19850000CU |||||||||||||||||spa|d
082 0 4 |a 639.3003  |b BLA  |2 21 
100 0 |a Blanco Cabrera, Eladio  |e author  |9 299372 
700 0 |a Depestre Catony, Leonardo  |e author  |9 299373 
245 1 0 |a Diccionario de especies marinas: inglés-latín-español, español-latín-inglés, latín-inglés-español 
300 |a 176 p 
942 |c BK 
945 |d 19920610 00:00:00 
260 |a La Habana  |b Científica-Técnica  |c 1985 
650 0 |a Recursos marinos  |9 261196 
650 7 |a DICCIONARIOS INGLES  |2 CL-VaPUC  |9 261669 
650 0 |a Diccionario Español   |9 255650 
650 7 |a DICCIONARIOS LATIN  |2 CL-VaPUC  |9 261670 
583 |a last modification  |c 19920610 00:00:00  |k Rodrigo Vera 
999 |c 211701  |d 211699